| 000 | 00521nam a2200145Ia 4500 | ||
|---|---|---|---|
| 008 | 200110s9999 xx 000 0 und d | ||
| 020 | _a0-7931-7763-4 | ||
| 100 | _aThiederman, Sondra | ||
| 245 |
_cSondra Thiederman.-- _aMaking diversity work : _b7 steps for defeating bias in the workplace / |
||
| 260 |
_aChicago : _bDearborn Trade Publishing _c2003 |
||
| 300 |
_axix, 199 pages _c23 cm. |
||
| 500 | _aIncludes appendix,and index. | ||
| 650 | _a Discrimination in employment. | ||
| 650 | _aDiversity in the workplace. | ||
| 999 |
_c362890 _d362890 |
||